[Event "Hamburg-chT Landesliga 2122"]
[Site "Hamburg"]
[Date "2022.05.08"]
[Round "9.5"]
[White "Goepfert, Jakob"]
[Black "Kuhle, Sebastian"]
[Result "1/2-1/2"]
[WhiteElo "2101"]
[BlackElo "2039"]
[PlyCount "85"]
[EventDate "2021.10.31"]
[EventType "team-tourn"]
[EventRounds "9"]
[EventCountry "GER"]
[SourceTitle "EXT 2023"]
[Source "ChessBase"]
[SourceDate "2022.10.05"]
[SourceVersion "1"]
[SourceVersionDate "2022.10.05"]
[SourceQuality "1"]
[WhiteTeam "St Pauli III"]
[BlackTeam "Weisse Dame"]
[WhiteTeamCountry "GER"]
[BlackTeamCountry "GER"]

1. d4 Nf6 2. Nf3 e6 3. c4 b6 4. g3 Ba6 5. Qc2 Bb7 6. Bg2 Bb4+ 7. Nbd2 0-0 8. 0-0 Bxd2 9. Bxd2 Be4 10. Qc3 d6 11. b4 Nbd7 12. a4 a5 13. bxa5 Rxa5 14. Ra3 e5 15. Qa1 Ra7 16. dxe5 Nxe5 17. Nxe5 Bxg2 18. Kxg2 dxe5 19. Bc3 Nd7 20. a5 bxa5 21. Rxa5 Qa8+ 22. f3 Rxa5 23. Qxa5 Qxa5 24. Bxa5 Nb6 25. Bxb6 cxb6 26. Rb1 Rb8 27. Rb5 Kf8 28. c5 Ke7 29. cxb6 Kd6 30. Kf2 f6 31. Ke3 Kc6 32. Rb2 Rxb6 33. Rxb6+ Kxb6 34. Ke4 Kc6 35. Kf5 Kd6 36. g4 Ke7 37. g5 Kf7 38. gxf6 gxf6 39. e4 Ke7 40. Kg4 Kf7 41. h4 Kg6 42. h5+ Kf7 43. Kf5 1/2-1/2

[Event "Hamburg-chT Landesliga 1920"]
[Site "Hamburg"]
[Date "2020.03.01"]
[Round "7.11"]
[White "Lansky, Georg"]
[Black "Goepfert, Jakob"]
[Result "1-0"]
[WhiteElo "1965"]
[BlackElo "2123"]
[PlyCount "55"]
[EventDate "2019.09.29"]
[EventType "team-tourn"]
[EventRounds "9"]
[EventCountry "GER"]
[SourceTitle "EXT 2022"]
[Source "ChessBase"]
[SourceDate "2021.10.06"]
[SourceVersion "1"]
[SourceVersionDate "2021.10.06"]
[SourceQuality "1"]

1. e4 c6 2. Nc3 d5 3. Nf3 Nf6 4. e5 Ne4 5. d4 Nxc3 6. bxc3 Bg4 7. h3 Bxf3 8. Qxf3 e6 9. Be2 Qa5 10. 0-0 b5 11. Qg3 c5 12. dxc5 a6 13. a4 Nc6 14. Bd2 bxa4 15. Qf4 a3 16. c4 Qxc5 17. cxd5 Nd4 18. Bh5 g6 19. dxe6 Nxe6 20. Qa4+ Qb5 21. Qe4 Rd8 22. Be2 Qd5 23. Qa4+ Qd7 24. Qxa6 Nd4 25. Bg5 Rc8 26. Rfd1 Bc5 27. Bb5 Qxb5 28. Qxc8# 1-0

[Event "Hamburg-chT Landesliga 1920"]
[Site "Hamburg"]
[Date "2019.10.20"]
[Round "2.4"]
[White "Schneider, Alexander"]
[Black "Goepfert, Jakob"]
[Result "1-0"]
[WhiteElo "2055"]
[BlackElo "2123"]
[PlyCount "103"]
[EventDate "2019.09.29"]
[EventType "team-tourn"]
[EventRounds "9"]
[EventCountry "GER"]
[SourceTitle "EXT 2021"]
[Source "ChessBase"]
[SourceDate "2020.10.23"]
[SourceVersion "1"]
[SourceVersionDate "2020.10.23"]
[SourceQuality "1"]

1. e4 c6 2. d4 d5 3. Nc3 dxe4 4. Nxe4 Bf5 5. Ng3 Bg6 6. h4 h6 7. Nf3 Nd7 8. h5 Bh7 9. Bd3 Bxd3 10. Qxd3 Ngf6 11. Bf4 Qa5+ 12. Bd2 Qc7 13. 0-0-0 e6 14. Kb1 Bd6 15. Ne4 Nxe4 16. Qxe4 Nf6 17. Qe2 0-0 18. g4 Nxg4 19. Rdg1 f5 20. Ne5 Bxe5 21. dxe5 Qxe5 22. Qxe5 Nxe5 23. Bxh6 Rf7 24. Bf4 Nd7 25. h6 e5 26. Bd2 Nf6 27. Bc3 Re8 28. f4 exf4 29. hxg7 Nh7 30. Rh3 f3 31. Rxf3 f4 32. Rh1 Re3 33. Rxe3 fxe3 34. Rd1 Nf6 35. Re1 Kxg7 36. Rxe3 Kg6 37. Bd4 a6 38. c4 Nd7 39. Kc2 Rf4 40. Kd3 Kf7 41. c5 Nf8 42. Be5 Rf5 43. Kc4 Ne6 44. b4 Nf4 45. Bxf4 Rxf4+ 46. Kb3 Rf2 47. a3 Rf6 48. Ka4 Re6 49. Rd3 Ke8 50. Ka5 Re7 51. Kb6 Rf7 52. Rh3 1-0

[Event "Oberliga Nord N 1819"]
[Site "Germany"]
[Date "2018.11.11"]
[Round "2.8"]
[White "Kluenger, Marc"]
[Black "Goepfert, Jakob"]
[Result "0-1"]
[WhiteElo "2203"]
[BlackElo "2136"]
[PlyCount "64"]
[EventDate "2018.10.21"]
[EventType "team-tourn"]
[EventRounds "9"]
[EventCountry "GER"]
[SourceTitle "EXT 2020"]
[Source "ChessBase"]
[SourceDate "2019.10.17"]
[SourceVersion "1"]
[SourceVersionDate "2019.10.17"]
[SourceQuality "1"]
[WhiteTeam "Hamburg Schachfreunde"]
[BlackTeam "St Pauli II"]
[WhiteTeamCountry "GER"]
[BlackTeamCountry "GER"]

1. Nf3 d5 2. c4 c6 3. b3 Nf6 4. g3 Bf5 5. Bg2 e6 6. 0-0 h6 7. Bb2 Be7 8. d3 0-0 9. Nbd2 Bh7 10. Rc1 a5 11. a3 Qb6 12. Rc2 c5 13. cxd5 exd5 14. Ne5 Rd8 15. e4 dxe4 16. dxe4 Nxe4 17. Qh5 Ng5 18. Be4 Bxe4 19. Nxe4 Qxb3 20. Nxg5 Bxg5 21. Qe2 Na6 22. Ba1 Qe6 23. Qb5 b6 24. Rb1 Nc7 25. Qf1 Bf6 26. Re2 Re8 27. Rbe1 Bxe5 28. Bxe5 Qc6 29. Qh3 Ne6 30. Qg4 Ng5 31. f4 Qf3 32. Qh4 Qxe2 0-1

[Event "Hamburg-ch MA"]
[Site "Hamburg"]
[Date "2018.05.24"]
[Round "6"]
[White "Schroeder, Christoph"]
[Black "Goepfert, Jakob"]
[Result "1/2-1/2"]
[WhiteElo "2186"]
[BlackElo "2117"]
[PlyCount "87"]
[EventDate "2018.05.01"]
[EventType "swiss"]
[EventRounds "9"]
[EventCountry "GER"]
[SourceTitle "EXT 2020"]
[Source "ChessBase"]
[SourceDate "2019.10.17"]
[SourceVersion "1"]
[SourceVersionDate "2019.10.17"]
[SourceQuality "1"]

1. e4 c6 2. d4 d5 3. exd5 cxd5 4. Bd3 Nc6 5. c3 Nf6 6. Bf4 g6 7. Nf3 Bf5 8. Bxf5 gxf5 9. Ne5 Qb6 10. Qb3 Qa6 11. Na3 Rc8 12. Nb5 Qa5 13. 0-0 e6 14. a4 Qb6 15. a5 Nxa5 16. Qa4 Nc6 17. Nxa7 Qxa7 18. Qxa7 Nxa7 19. Rxa7 Nh5 20. Bd2 Rb8 21. Rfa1 Bd6 22. R1a5 f6 23. Nd3 Kd7 24. f4 Kc6 25. b3 b6 26. Ra4 Rb7 27. c4 Rhb8 28. g3 Ng7 29. Bb4 dxc4 30. Rxb7 Rxb7 31. bxc4 Bb8 32. Bf8 Ne8 33. d5+ Kd7 34. dxe6+ Kxe6 35. Ra6 Kf7 36. Bb4 Bd6 37. Bxd6 Nxd6 38. c5 Nc8 39. Kf2 bxc5 40. Rc6 Ne7 41. Rxc5 Rb3 42. Ke3 Ra3 43. Rb5 Kg6 44. Rb2 1/2-1/2

[Event "Hamburg-ch MA"]
[Site "Hamburg"]
[Date "2018.05.21"]
[Round "3"]
[White "Goepfert, Jakob"]
[Black "Keyser, Philipp"]
[Result "1-0"]
[WhiteElo "2117"]
[BlackElo "2005"]
[PlyCount "65"]
[EventDate "2018.05.01"]
[EventType "swiss"]
[EventRounds "9"]
[EventCountry "GER"]
[SourceTitle "EXT 2020"]
[Source "ChessBase"]
[SourceDate "2019.10.17"]
[SourceVersion "1"]
[SourceVersionDate "2019.10.17"]
[SourceQuality "1"]

1. d4 Nf6 2. Nf3 d5 3. c4 e6 4. g3 Be7 5. Bg2 0-0 6. 0-0 dxc4 7. Ne5 Nc6 8. Nxc6 bxc6 9. Bxc6 Rb8 10. e3 Rb6 11. Bf3 Ba6 12. Nc3 Nd5 13. Na4 Rb8 14. a3 c3 15. Re1 cxb2 16. Bxb2 Bb5 17. Nc5 Bc6 18. Qc2 Nb4 19. axb4 Bxf3 20. e4 Rxb4 21. Nd3 Rb7 22. Ne5 Bh5 23. Nc6 Qd7 24. Nxe7+ Qxe7 25. Ba3 Qg5 26. Bxf8 Kxf8 27. Qc6 Rb2 28. Rxa7 g6 29. Qc5+ Qxc5 30. dxc5 c6 31. Rc7 Ke8 32. Ra1 Rb8 33. Kg2 1-0

[Event "GER-ch 88th"]
[Site "Apolda"]
[Date "2017.07.01"]
[Round "9"]
[White "Goepfert, Jakob"]
[Black "Rehberg, Raphael"]
[Result "0-1"]
[WhiteElo "2109"]
[BlackElo "2264"]
[PlyCount "108"]
[EventDate "2017.06.23"]
[EventType "swiss"]
[EventRounds "9"]
[EventCountry "GER"]
[SourceTitle "CBM 179 Extra"]
[Source "ChessBase"]
[SourceDate "2017.08.23"]
[SourceVersion "1"]
[SourceVersionDate "2017.08.23"]
[SourceQuality "1"]

1. d4 d5 2. Nf3 Nf6 3. c4 e6 4. g3 Be7 5. Bg2 0-0 6. Nbd2 c5 7. 0-0 Nc6 8. dxc5 Bxc5 9. a3 a5 10. cxd5 exd5 11. Nb3 Bb6 12. Nbd4 Ne4 13. Be3 Bg4 14. Rc1 Rc8 15. Qd3 Nc5 16. Qb1 Nd7 17. Rfd1 Qe7 18. h3 Nxd4 19. Nxd4 Bh5 20. Rxc8 Rxc8 21. Nf5 Qf6 22. Rxd5 Bg6 23. Bxb6 Nxb6 24. Rb5 Nc4 25. e4 Bxf5 26. Rxf5 Qb6 27. b4 g6 28. Rf4 Nxa3 29. Qa2 Nc4 30. e5 Qxb4 31. Bxb7 Qxb7 32. Rxc4 Rxc4 33. Qxc4 Qb1+ 34. Kh2 Qb2 35. Qf4 a4 36. Kg2 a3 37. Qf6 Qd4 38. Qa6 Qd5+ 39. Kh2 a2 40. Qc8+ Kg7 41. Qa6 h5 42. h4 Qb3 43. Kg2 Qb2 44. Qf6+ Kg8 45. Qd8+ Kh7 46. Qe7 Qb3 47. Qa7 Qc4 48. Qa3 Kg7 49. Qa8 Qb3 50. Qa6 Qd5+ 51. Kh2 Kf8 52. Qa7 Ke8 53. f4 Qd2+ 54. Kh3 Qd7+ 0-1

[Event "GER-ch 88th"]
[Site "Apolda"]
[Date "2017.06.28"]
[Round "6"]
[White "Zude, Arno"]
[Black "Goepfert, Jakob"]
[Result "1-0"]
[WhiteElo "2398"]
[BlackElo "2109"]
[PlyCount "65"]
[EventDate "2017.06.23"]
[EventType "swiss"]
[EventRounds "9"]
[EventCountry "GER"]
[SourceTitle "CBM 179 Extra"]
[Source "ChessBase"]
[SourceDate "2017.08.23"]
[SourceVersion "1"]
[SourceVersionDate "2017.08.23"]
[SourceQuality "1"]

1. e4 c6 2. d4 d5 3. Nd2 dxe4 4. Nxe4 Bf5 5. Ng3 Bg6 6. h4 h6 7. Nf3 Nd7 8. h5 Bh7 9. Bd3 Bxd3 10. Qxd3 Ngf6 11. Bd2 e6 12. 0-0-0 Be7 13. Kb1 c5 14. Ne4 Qc7 15. Nxf6+ Nxf6 16. Ne5 a6 17. Bf4 Bd6 18. Qg3 0-0-0 19. Qxg7 Nd5 20. dxc5 f6 21. Qxh8 Rxh8 22. cxd6 Qg7 23. Ng6 Nxf4 24. d7+ Kd8 25. Nxf4 Qg4 26. Rd4 e5 27. Rc4 Qxd7 28. Ng6 Rg8 29. Kc1 Qf5 30. Rd1+ Ke8 31. g4 Qe6 32. Rc7 Rxg6 33. hxg6 1-0

[Event "GER-ch 88th"]
[Site "Apolda"]
[Date "2017.06.26"]
[Round "4"]
[White "Goepfert, Jakob"]
[Black "Engel, Luis"]
[Result "0-1"]
[WhiteElo "2109"]
[BlackElo "2319"]
[PlyCount "72"]
[EventDate "2017.06.23"]
[EventType "swiss"]
[EventRounds "9"]
[EventCountry "GER"]
[SourceTitle "CBM 179 Extra"]
[Source "ChessBase"]
[SourceDate "2017.08.23"]
[SourceVersion "1"]
[SourceVersionDate "2017.08.23"]
[SourceQuality "1"]

1. d4 Nf6 2. Nf3 g6 3. g3 Bg7 4. Bg2 0-0 5. 0-0 d6 6. c4 Nc6 7. Nc3 e5 8. dxe5 Nxe5 9. Nxe5 dxe5 10. Qxd8 Rxd8 11. Bg5 Rd7 12. Rad1 c6 13. Rxd7 Bxd7 14. Rd1 Be6 15. b3 Kf8 16. Be3 h6 17. Kf1 Ke7 18. Ke1 Bf8 19. Na4 Nd7 20. Nc5 Nxc5 21. Bxc5+ Ke8 22. Bxf8 Kxf8 23. Kd2 Ke7 24. Kc3 a5 25. a3 g5 26. Rd2 h5 27. Rd1 h4 28. Be4 f5 29. Bg2 Rh8 30. Rh1 Kf6 31. e3 Rd8 32. Bf3 e4 33. Bd1 Rd3+ 34. Kc2 a4 35. b4 Bxc4 36. Be2 Bb3+ 0-1

[Event "GER-ch 88th"]
[Site "Apolda"]
[Date "2017.06.24"]
[Round "2"]
[White "Schmidt Schaeffer, Sebastian"]
[Black "Goepfert, Jakob"]
[Result "1/2-1/2"]
[WhiteElo "2381"]
[BlackElo "2109"]
[PlyCount "168"]
[EventDate "2017.06.23"]
[EventType "swiss"]
[EventRounds "9"]
[EventCountry "GER"]
[SourceTitle "CBM 179 Extra"]
[Source "ChessBase"]
[SourceDate "2017.08.23"]
[SourceVersion "1"]
[SourceVersionDate "2017.08.23"]
[SourceQuality "1"]

1. d4 Nf6 2. Nf3 c5 3. d5 g6 4. Nc3 Bg7 5. e4 d6 6. h3 0-0 7. Bc4 b5 8. Nxb5 Nxe4 9. 0-0 a6 10. Na3 Nd7 11. Re1 Nef6 12. Bb3 Nb6 13. c4 a5 14. Bd2 Nfxd5 15. cxd5 a4 16. Bc2 Bxb2 17. Nb5 Bxa1 18. Qxa1 f6 19. Bh6 Rf7 20. Qb1 Kh8 21. Nc3 Bb7 22. Be4 Rb8 23. Qd3 Qe8 24. Nd2 Ra8 25. Qg3 e5 26. dxe6 Qxe6 27. Re3 Bxe4 28. Ndxe4 Qd7 29. Nxd6 Re7 30. Nce4 Nd5 31. Rd3 Qc6 32. Qf3 f5 33. Ng3 Nb4 34. Qxc6 Nxc6 35. Be3 Nb4 36. Rd2 Re5 37. a3 Rd5 38. axb4 Rxd2 39. Bxd2 cxb4 40. Bxb4 a3 41. Bxa3 Rxa3 42. f3 Ra2 43. Kf1 Kg7 44. Ne2 Kf6 45. g3 Ke6 46. Nb5 Ra1+ 47. Kf2 Kd5 48. Ke3 Ke5 49. h4 Rh1 50. Nbd4 Ra1 51. Nf4 Ra3+ 52. Nd3+ Kf6 53. f4 Rc3 54. Nf3 Rc4 55. Nfe5 Ra4 56. Nd7+ Ke7 57. N7c5 Rc4 58. Nb3 Rc3 59. Nd4 Ra3 60. Nf3 Ra4 61. Ng5 h6 62. Nf3 Re4+ 63. Kf2 Kf6 64. Nde5 Ra4 65. Nd7+ Kg7 66. Nfe5 Ra2+ 67. Kf3 Ra3+ 68. Kg2 Ra2+ 69. Kh3 Rc2 70. Nf3 Rf2 71. Nde5 Ra2 72. h5 g5 73. fxg5 hxg5 74. Nxg5 Kh6 75. Kh4 Ra4+ 76. g4 fxg4 77. Nef7+ Kg7 78. h6+ Kg6 79. h7 Ra8 80. Kg3 Ra3+ 81. Kxg4 Ra4+ 82. Kf3 Rh4 83. h8R Rxh8 84. Nxh8+ Kxg5 1/2-1/2

[Event "GER-ch 88th"]
[Site "Apolda"]
[Date "2017.06.23"]
[Round "1"]
[White "Goepfert, Jakob"]
[Black "Jahncke, Giso"]
[Result "1/2-1/2"]
[WhiteElo "2109"]
[BlackElo "2340"]
[PlyCount "88"]
[EventDate "2017.06.23"]
[EventType "swiss"]
[EventRounds "9"]
[EventCountry "GER"]
[SourceTitle "CBM 179 Extra"]
[Source "ChessBase"]
[SourceDate "2017.08.23"]
[SourceVersion "1"]
[SourceVersionDate "2017.08.23"]
[SourceQuality "1"]

1. d4 Nf6 2. c4 g6 3. Nc3 Bg7 4. e4 d6 5. h3 0-0 6. Bg5 c5 7. d5 e6 8. Bd3 exd5 9. cxd5 Re8 10. Nge2 Nbd7 11. 0-0 a6 12. a4 Qc7 13. Rc1 c4 14. Bb1 Nc5 15. Ng3 Nfd7 16. Nce2 b5 17. axb5 axb5 18. b3 cxb3 19. Nd4 b2 20. Rc2 Ne5 21. Rxb2 Na4 22. Nxb5 Qb8 23. Rb4 Bd7 24. f4 Nc3 25. Qb3 Nxb5 26. fxe5 Ra3 27. Qxa3 Nxa3 28. Rxb8 Rxb8 29. e6 fxe6 30. Ba2 Bd4+ 31. Kh1 e5 32. Rf3 Nb5 33. Bc4 Rf8 34. Rxf8+ Kxf8 35. Ne2 Bc5 36. Kh2 Kf7 37. Kg3 Nc7 38. Nc3 Bd4 39. Ne2 Bc5 40. Nc3 Bb4 41. Ne2 Ba4 42. Kf3 Bc2 43. Nc1 Bd1+ 44. Be2 Bc2 1/2-1/2

[Event "Pinneberg-ch"]
[Site "Pinneberg"]
[Date "2016.09.22"]
[Round "4"]
[White "Stenzel, Jan"]
[Black "Goepfert, Jakob"]
[Result "0-1"]
[WhiteElo "1901"]
[BlackElo "2112"]
[PlyCount "73"]
[EventDate "2016.09.01"]
[EventType "swiss"]
[EventRounds "7"]
[EventCountry "GER"]
[SourceTitle "EXT 2018"]
[Source "ChessBase"]
[SourceDate "2017.10.13"]
[SourceVersion "1"]
[SourceVersionDate "2017.10.13"]
[SourceQuality "1"]

1. d4 Nf6 2. Nf3 c5 3. c3 b6 4. Bf4 Bb7 5. e3 e6 6. h3 Be7 7. Bd3 0-0 8. Nbd2 cxd4 9. exd4 d6 10. 0-0 Re8 11. Re1 Nbd7 12. Qc2 Nf8 13. Rad1 Ng6 14. Bh2 Rc8 15. Qb1 a6 16. Ne4 Nd5 17. Ned2 b5 18. c4 bxc4 19. Nxc4 Nb4 20. Bxg6 hxg6 21. Nfd2 Nd5 22. Qd3 Nf6 23. Rc1 Qd7 24. Nb6 Rxc1 25. Rxc1 Qd8 26. Qb3 Nd5 27. Ndc4 Bf8 28. a4 Qg5 29. Rc2 Nxb6 30. f4 Qh5 31. Nxb6 Qd1+ 32. Kf2 Be4 33. Rc3 Qd2+ 34. Kf1 Qxg2+ 35. Ke1 Qh1+ 36. Kd2 Qxh2+ 37. Kd1 0-1

[Event "Hamburg-ch"]
[Site "Hamburg"]
[Date "2016.05.22"]
[Round "9"]
[White "Goepfert, Jakob"]
[Black "Dumjahn, Carsten"]
[Result "1/2-1/2"]
[WhiteElo "2023"]
[BlackElo "2038"]
[PlyCount "44"]
[EventDate "2016.05.14"]
[EventType "swiss"]
[EventRounds "9"]
[EventCountry "GER"]
[SourceTitle "EXT 2018"]
[Source "ChessBase"]
[SourceDate "2017.10.13"]
[SourceVersion "1"]
[SourceVersionDate "2017.10.13"]
[SourceQuality "1"]

1. d4 d5 2. c4 e6 3. Nc3 c6 4. e3 Bd6 5. Nf3 f5 6. Be2 Nd7 7. Qc2 Ngf6 8. cxd5 cxd5 9. Bd2 a6 10. h3 Ne4 11. g4 Ndf6 12. Rg1 0-0 13. Rg2 b5 14. Ne5 b4 15. Nxe4 fxe4 16. g5 Nd7 17. 0-0-0 Nxe5 18. dxe5 Bxe5 19. Bxb4 Rf7 20. Qxe4 Qc7+ 21. Qc2 Qb6 22. Bc3 Rc7 1/2-1/2

[Event "Hamburg-ch"]
[Site "Hamburg"]
[Date "2016.05.19"]
[Round "6"]
[White "Wenzel, Birger"]
[Black "Goepfert, Jakob"]
[Result "0-1"]
[WhiteElo "1960"]
[BlackElo "2023"]
[PlyCount "126"]
[EventDate "2016.05.14"]
[EventType "swiss"]
[EventRounds "9"]
[EventCountry "GER"]
[SourceTitle "EXT 2018"]
[Source "ChessBase"]
[SourceDate "2017.10.13"]
[SourceVersion "1"]
[SourceVersionDate "2017.10.13"]
[SourceQuality "1"]

1. e4 c6 2. c4 d5 3. exd5 cxd5 4. cxd5 Nf6 5. Nc3 Nxd5 6. Nf3 e6 7. Bc4 Be7 8. 0-0 0-0 9. d4 Nc6 10. Re1 Nxc3 11. bxc3 Bf6 12. Bd3 b6 13. h4 Bb7 14. Ng5 g6 15. Qg4 h5 16. Qg3 Qd7 17. Ba3 Rfe8 18. Rad1 Ne7 19. d5 e5 20. Ne4 Bg7 21. Nd6 Red8 22. Nxb7 Qxb7 23. d6 Nc6 24. Be4 Rac8 25. Qf3 Qd7 26. Bd5 Na5 27. Re4 b5 28. g4 hxg4 29. Rxg4 Rxc3 30. Qe4 Rc4 31. Bxc4 Nxc4 32. Bc5 Qe6 33. Qg2 Bf6 34. h5 g5 35. Rd3 Kh8 36. h6 Nxd6 37. Be3 Rg8 38. Kh1 Nf5 39. Bxg5 Rc8 40. Bxf6+ Qxf6 41. h7 Nh4 42. Qg3 Ng6 43. Rb4 Nf4 44. Rd1 Kxh7 45. Qh2+ Kg7 46. Rg1+ Kf8 47. Rxf4 exf4 48. Qh7 Rc6 49. Rg8+ Ke7 50. Qe4+ Kd6 51. Qb4+ Ke6 52. Qe4+ Kd7 53. Qe8+ Kd6 54. Qb8+ Kc5 55. Qxa7+ Kb4 56. Qb8 Rc1+ 57. Kg2 Qc6+ 58. Kh3 Rh1+ 59. Kg4 Rg1+ 60. Kxf4 Qf6+ 61. Ke4 Re1+ 62. Kd5 Qe6+ 63. Kd4 Rd1# 0-1

[Event "Hamburg-ch"]
[Site "Hamburg"]
[Date "2016.05.16"]
[Round "3"]
[White "Goepfert, Jakob"]
[Black "Reddmann, Hauke"]
[Result "1-0"]
[WhiteElo "2023"]
[BlackElo "2250"]
[PlyCount "61"]
[EventDate "2016.05.14"]
[EventType "swiss"]
[EventRounds "9"]
[EventCountry "GER"]
[SourceTitle "EXT 2018"]
[Source "ChessBase"]
[SourceDate "2017.10.13"]
[SourceVersion "1"]
[SourceVersionDate "2017.10.13"]
[SourceQuality "1"]

1. Nf3 Nf6 2. g3 d5 3. Bg2 c6 4. c4 e6 5. b3 Nbd7 6. Bb2 Bd6 7. 0-0 0-0 8. d3 e5 9. cxd5 cxd5 10. e3 Re8 11. Nc3 Nf8 12. Qd2 Bd7 13. Rac1 Ng6 14. e4 d4 15. Nb1 Qe7 16. Rc2 a5 17. Rfc1 a4 18. Qe2 a3 19. Ba1 b5 20. Nbd2 Rec8 21. Qf1 Rxc2 22. Rxc2 Ne8 23. Nxd4 exd4 24. e5 Rc8 25. Rxc8 Bxc8 26. exd6 Qxd6 27. Nf3 Bb7 28. Nxd4 Bxg2 29. Qxg2 Nc7 30. Qe4 f6 31. Nxb5 1-0

[Event "Hamburg-ch"]
[Site "Hamburg"]
[Date "2016.05.15"]
[Round "2"]
[White "Hloskovsky, Andrei"]
[Black "Goepfert, Jakob"]
[Result "1/2-1/2"]
[WhiteElo "2070"]
[BlackElo "2023"]
[PlyCount "69"]
[EventDate "2016.05.14"]
[EventType "swiss"]
[EventRounds "9"]
[EventCountry "GER"]
[SourceTitle "EXT 2018"]
[Source "ChessBase"]
[SourceDate "2017.10.13"]
[SourceVersion "1"]
[SourceVersionDate "2017.10.13"]
[SourceQuality "1"]

1. e4 c6 2. d3 d5 3. Nd2 e5 4. Ngf3 Bd6 5. g3 Nf6 6. Bg2 0-0 7. 0-0 Qc7 8. c3 b6 9. Re1 Nbd7 10. b4 a5 11. bxa5 Rxa5 12. exd5 cxd5 13. c4 Nc5 14. Nb3 Nxb3 15. Qxb3 dxc4 16. Qxc4 Be6 17. Qxc7 Bxc7 18. Bb2 Nd7 19. d4 Rxa2 20. Rxa2 Bxa2 21. dxe5 Bd5 22. Rd1 Bc6 23. e6 fxe6 24. Ng5 Ba4 25. Rd4 Be5 26. Rxa4 Bxb2 27. Nxe6 Rc8 28. Bd5 Kh8 29. Ra7 Nc5 30. Ng5 h6 31. Ne6 Nxe6 32. Bxe6 Rf8 33. f4 g6 34. Bd5 g5 35. Ra8 1/2-1/2

[Event "Pinneberg-ch"]
[Site "Pinneberg"]
[Date "2015.10.08"]
[Round "7"]
[White "Gollasch, Theo Heinz"]
[Black "Goepfert, Jakob"]
[Result "0-1"]
[WhiteElo "2051"]
[BlackElo "2032"]
[PlyCount "66"]
[EventDate "2015.08.28"]
[EventType "swiss"]
[EventRounds "7"]
[EventCountry "GER"]
[SourceTitle "EXT 2017"]
[Source "ChessBase"]
[SourceDate "2016.10.25"]
[SourceVersion "1"]
[SourceVersionDate "2016.10.25"]
[SourceQuality "1"]

1. Nf3 c5 2. g3 d5 3. Bg2 Nf6 4. 0-0 Nc6 5. d4 e6 6. b3 cxd4 7. Nxd4 Bc5 8. Nxc6 bxc6 9. c4 0-0 10. Nc3 a5 11. Na4 Be7 12. c5 Ba6 13. Qc2 Qc7 14. Rd1 Qe5 15. Bd2 Qxe2 16. Bf1 Qh5 17. Bg2 Be2 18. Re1 Bf3 19. Re3 Bxg2 20. Kxg2 Ng4 21. h3 Nxe3+ 22. Bxe3 e5 23. Re1 Ra7 24. a3 e4 25. b4 axb4 26. axb4 Qf3+ 27. Kh2 Rfa8 28. Nc3 Bf6 29. b5 Ra1 30. Rxa1 Rxa1 31. Nb1 d4 32. b6 dxe3 33. b7 Be5 0-1

[Event "Pinneberg-ch"]
[Site "Pinneberg"]
[Date "2015.09.17"]
[Round "4"]
[White "Hawranke, Dietrich"]
[Black "Goepfert, Jakob"]
[Result "0-1"]
[WhiteElo "2068"]
[BlackElo "2032"]
[PlyCount "66"]
[EventDate "2015.08.28"]
[EventType "swiss"]
[EventRounds "7"]
[EventCountry "GER"]
[SourceTitle "EXT 2017"]
[Source "ChessBase"]
[SourceDate "2016.10.25"]
[SourceVersion "1"]
[SourceVersionDate "2016.10.25"]
[SourceQuality "1"]

1. d4 Nf6 2. Nf3 g6 3. c4 c5 4. d5 Bg7 5. Nc3 0-0 6. e4 d6 7. h3 b5 8. cxb5 a6 9. bxa6 Qa5 10. Nd2 Bxa6 11. Bxa6 Qxa6 12. Qe2 Nbd7 13. Qxa6 Rxa6 14. Nc4 Rb8 15. Rb1 Ne8 16. Bd2 Nb6 17. Nxb6 Raxb6 18. b3 Ra6 19. Rb2 Nc7 20. Rc2 c4 21. 0-0 cxb3 22. axb3 Rxb3 23. Nb5 Rxb5 24. Rxc7 Bf8 25. Rc8 Kg7 26. Rfc1 f6 27. Rd8 Kf7 28. Rc7 Ra4 29. Rxd6 Rxe4 30. Rdd7 Rd4 31. d6 Rxd2 32. dxe7 Bh6 33. Rc8 Rb1+ 0-1

[Event "Pinneberg-ch"]
[Site "Pinneberg"]
[Date "2015.09.10"]
[Round "3"]
[White "Goepfert, Jakob"]
[Black "Homm, Marc Michael"]
[Result "1/2-1/2"]
[WhiteElo "2032"]
[BlackElo "1972"]
[PlyCount "76"]
[EventDate "2015.08.28"]
[EventType "swiss"]
[EventRounds "7"]
[EventCountry "GER"]
[SourceTitle "EXT 2017"]
[Source "ChessBase"]
[SourceDate "2016.10.25"]
[SourceVersion "1"]
[SourceVersionDate "2016.10.25"]
[SourceQuality "1"]

1. d4 d5 2. c4 e6 3. Nf3 f5 4. Nc3 c6 5. Bf4 Nf6 6. e3 Be7 7. Bd3 0-0 8. h3 b6 9. Ne5 Bb7 10. 0-0 Nbd7 11. cxd5 cxd5 12. Qa4 Nxe5 13. Bxe5 a6 14. Rac1 Bd6 15. Rc2 b5 16. Qb3 Bxe5 17. dxe5 Nd7 18. Be2 Nxe5 19. a4 Bc6 20. axb5 Rb8 21. Ra1 axb5 22. Nxb5 Bxb5 23. Bxb5 Qb6 24. Qc3 Rbc8 25. Qxc8 Rxc8 26. Rxc8+ Kf7 27. Be8+ Kf6 28. Rb1 Qb3 29. Bh5 Nc4 30. Ra1 Qxb2 31. Ra6 Qc1+ 32. Kh2 Qe1 33. Bf3 Qxf2 34. Bxd5 Nxe3 35. Rxe6+ Kg5 36. Bf3 Nf1+ 37. Kh1 Ng3+ 38. Kh2 Nf1+ 1/2-1/2

[Event "Pinneberg-ch"]
[Site "Pinneberg"]
[Date "2015.09.03"]
[Round "2"]
[White "Nguyen, Duy Anh"]
[Black "Goepfert, Jakob"]
[Result "0-1"]
[WhiteElo "1667"]
[BlackElo "2032"]
[PlyCount "60"]
[EventDate "2015.08.28"]
[EventType "swiss"]
[EventRounds "7"]
[EventCountry "GER"]
[SourceTitle "EXT 2017"]
[Source "ChessBase"]
[SourceDate "2016.10.25"]
[SourceVersion "1"]
[SourceVersionDate "2016.10.25"]
[SourceQuality "1"]

1. e4 c5 2. Nf3 Nc6 3. d4 cxd4 4. Nxd4 g6 5. Nc3 Bg7 6. Be3 Nf6 7. Bc4 0-0 8. f3 Qb6 9. Ncb5 a6 10. Nf5 Qd8 11. Nxg7 axb5 12. Bb3 Kxg7 13. Qd2 Ng8 14. h4 Na5 15. Bd4+ f6 16. Bxg8 Rxg8 17. e5 Nc6 18. exf6+ exf6 19. Bc5 d6 20. Be3 Qa5 21. Bh6+ Kf7 22. c3 b4 23. 0-0 bxc3 24. bxc3 Be6 25. Rab1 Qc7 26. Qf4 Ra5 27. g4 Ne7 28. Rfe1 Re5 29. Red1 Nd5 30. Qd4 Nxc3 0-1

[Event "Pinneberg-ch"]
[Site "Pinneberg"]
[Date "2012.08.16"]
[Round "1"]
[White "Cassens, Erhard Otto"]
[Black "Goepfert, Jakob"]
[Result "0-1"]
[WhiteElo "1839"]
[BlackElo "2003"]
[PlyCount "66"]
[EventDate "2012.08.16"]
[EventType "swiss"]
[EventRounds "7"]
[EventCountry "GER"]
[SourceTitle "EXT 2013"]
[Source "ChessBase"]
[SourceDate "2012.11.22"]
[SourceVersion "1"]
[SourceVersionDate "2012.11.22"]
[SourceQuality "1"]

1. d4 Nf6 2. Bf4 e6 3. e3 c5 4. c3 Nc6 5. Nd2 d5 6. Ngf3 Be7 7. dxc5 Bxc5 8. Nb3 Be7 9. Ne5 0-0 10. Bd3 Qb6 11. Qc2 h6 12. Qe2 a5 13. g4 a4 14. Nd4 Nxe5 15. Bxe5 Nd7 16. Bg3 Bf6 17. Nb5 Nc5 18. Bb1 e5 19. h3 a3 20. Qc2 e4 21. Nxa3 Rxa3 22. bxa3 Qa5 23. 0-0 Rd8 24. f3 Qxc3 25. fxe4 Qxe3+ 26. Bf2 Qxh3 27. exd5 Qxg4+ 28. Kh1 Rxd5 29. Qh7+ Kf8 30. Qh8+ Ke7 31. Bxc5+ Rxc5 32. Bf5 Bxf5 33. Rae1+ Be4+ 0-1